Book by Protagonist & Antagonist Quiz Stats

 Plays Quiz Updated Jun 22, 2017

Support Sporcle.
Go Orange.
Score 0/18 Timer 07:00
0 Plays Today
% Correct
Alice's Adventures in Wonderland
98.5%
Harry Potter
97.8%
The Jungle Book
92.9%
The Hunger Games
92.7%
The Lord of the Rings
92.6%
The Lion, the Witch and the Wardrobe
87.2%
Frankenstein
87.1%
Les Misérables
80.7%
The Final Problem
77.8%
% Correct
Treasure Island
70.2%
Dracula
62.1%
One Flew Over the Cuckoo's Nest
59.8%
The Silence of the Lambs
56.6%
War and Peace
52.2%
Misery
51.6%
Divergent
49%
Catch-22
43.9%
V for Vendetta
29.4%

You're not logged in!

Compare scores with friends on all Sporcle quizzes.
OR
Log In
Forgot?

From the Vault

EU Countries by Population

by citkeane

Here's one quiz where you can only guess Kyrgyzstan for old times sake.
Remove Ads.
Support Sporcle.
Get the best of Sporcle when you Go Orange. This ad-free experience offers more features, more stats, and more fun while also helping to support Sporcle. Thank you for becoming a member.

Show Comments

Extras

Top Quizzes Today


Score Distribution

Your Account Isn't Verified!

In order to create a playlist on Sporcle, you need to verify the email address you used during registration. Go to your Sporcle Settings to finish the process.

Report this User

Report this user for behavior that violates our Community Guidelines.

Details: